| 000 | 00885nas a2200289 4500 | ||
|---|---|---|---|
| 001 | BR0800569 | ||
| 003 | BR-BrBNA | ||
| 005 | 20231205111517.0 | ||
| 007 | ta | ||
| 008 | 230509b bl.|||p| |||| 00| 00por d | ||
| 040 |
_aBR-BrBNA _bpor _cBiblioteca Nacional de Agricultura |
||
| 041 | _a(Pt) | ||
| 072 | _aH10; H01 | ||
| 100 | 1 | _aMiranda, L.L.D. | |
| 100 | 1 | _aGil, M.A. | |
| 100 | 1 | _aCoelho, A.L. | |
| 100 | 1 | _aGarcia, V. | |
| 100 | 1 | _aMenegatti, C.C. | |
| 245 | 1 | _aEfeito da torta de filtro e de nematicidas sobre as infestações de nematóides e a produtividade da cana-de-açúcar | |
| 650 | _aNEMATÓIDE | ||
| 650 | _aCANA DE AÇÚCAR | ||
| 650 | _aNEMATICIDA | ||
| 650 | _aADUBO ORGÂNICO | ||
| 773 | 0 |
_tNematologia Brasileira (Brazil) _xISSN 0102-2997 _g(2003), v. 27(1) p. 61-67 _wBR0800569 |
|
| 909 |
_a202311 _bLúcia _c55 _dLúcia Elande |
||
| 942 |
_2AGRIS _n0 _cANA |
||
| 999 |
_c193109 _d193109 |
||